|
|
|
|
| LEADER |
00810nam#a2200253#a#4500 |
| 001 |
008578 |
| 005 |
20160721144801.0 |
| 008 |
020507s1999####ag##################spa#d |
| 020 |
|
|
|a 9507380795
|
| 040 |
|
|
|a AR-beUNQ
|
| 099 |
|
|
|a 12-T2
|
| 100 |
1 |
|
|a Taccone, Juan José
|
| 245 |
0 |
0 |
|a Impacto sectorial de la integración en el Mercosur
|c Juan José Taccone ; Luis Jorge Garay.
|
| 260 |
|
|
|a Buenos Aires :
|b Banco Interamericano de Desarrollo,
|c 1999
|
| 300 |
|
|
|a ix, 667 p. :
|b gráficos
|
| 650 |
|
7 |
|a INDUSTRIA AUTOMOTRIZ
|2 Spines
|
| 650 |
|
7 |
|a COMERCIO
|2 Spines
|
| 650 |
|
7 |
|a PRODUCTOS LACTEOS
|2 Spines
|
| 650 |
|
7 |
|a INDUSTRIA PETROQUIMICA
|2 toit
|
| 650 |
|
7 |
|a MERCOSUR
|2 toit
|
| 700 |
1 |
|
|a Garay, Luis Jorge
|
| 929 |
|
|
|a COMPRA
|b INTAL
|d 10,00E
|e 20020507
|f patrimonio
|j 32018
|
| 942 |
|
|
|c LIB
|n 0
|
| 999 |
|
|
|c 11065
|d 86452
|